000 00518nam a2200181 a 4500
999 _c6429
_d6429
005 20171211102036.0
008 140130b2008 ck ||||| |||| 00| 0 spa d
040 _aCO-BoIAVH
_cCO-BoIAVH
041 _aspa
044 _ack
090 _aIAVH
_b01208
100 _aEspitia, María Antonia
245 _aCaracterización de actores sociales
_bPáramo de Rabanal
260 _aBogotá
_bIAVH
_bCorpoboyacá
_bCorpochivor
_bCAR
_c2008
300 _a49 p.
662 _aColombia
_cPáramo de Rabanal
942 _cLIBRO
_2z